00265nam a2200097Ia 4500008004000000082001600040100002500056245001900081260005900100300000800159210210b1977 xxu||||| |||| 00| 0 eng d a954.01 SHAA aSHARMA (Ram Sharan). aAncient India. aNew Delhi.bEurasia Publishing House (Pvt) Ltd.,c1977 a185